00518 a2200157 4500010001400000020002600014035001300040037001600053082001000069100002200079245008400101260004900185270004700234300002800281500005100309 aENG-89390 a9788123749341c100.00 aEN-72923 bDBAD / PUB14a181.4 aGordon, Robert C.1 aEmerson and the light of India:cby Robert C. Gordonban intellectual history/ aNew DelhibNational Book Trust, Indiac2007 aA-5, Green ParkbNew DelhicDelhie110016 axx,,255pc21 cm ( Pbk.) aIncludes bibliographical references and index